Statistics for Eurovision Multiple Choice Quiz

Click here to take the quiz!

General Stats

  • This quiz has been taken 640 times
  • The average score is 7 of 10

Answer Stats

QuestionAnswer% Correct
What was the only African country to ever take part?Morocco
85%
What is NOT allowed during a performance?Singing on playback
79%
How many points did Salvador Sobral earn making him the highest-scoring winner?758
77%
What does the "EBU" stand for?European Broadcasting Union
76%
Which country has been choosing their act through Festivali i Këngës?Albania
73%
How many countries tied for first place in 1969?4
72%
Which one of these entries was NOT a runner-up (2nd position)?Il Volo - Grande Amore (Italy 2015)
69%
Which one of this countries did NOT take part in the competition at the very beginning?Spain
64%
Which of these countries has always qualified for the final?Ukraine
63%
Who won the jury vote in Eurovision 2018?Austria (Cesár Sampson - Nobody But You)
51%

Score Distribution

Percentile by Number Answered

Percent of People with Each Score

Your Score History

You have not taken this quiz